书目信息 |
| 题名: |
国防科技信息工作理论与实践
|
|
| 作者: | ;中国人民解放军总装备部军事训练教材编辑工作委员会 编 | |
| 分册: | ||
| 出版信息: | 北京 国防工业出版社 2006 |
|
| 页数: | 19,343页 | |
| 开本: | 21cm | |
| 丛书名: | ||
| 单 册: | ||
| 中图分类: | E87 | |
| 科图分类: | ||
| 主题词: | 国防 , 科技情报 , 国防--科技情报--情报工作 , 情报工作 | |
| 电子资源: | ||
| ISBN: | 7-118-03724-9 | |
| 000 | 01033nam0 2200265 450 | |
| 001 | 010050032068 | |
| 005 | 20061104162540.04 | |
| 010 | @a7-118-03724-9@b精装@dCNY35.00 | |
| 100 | @a20051123d2006 em y0chiy0110 ea | |
| 101 | 0 | @achi |
| 102 | @aCN@b110000 | |
| 105 | @ak z 000yy | |
| 200 | 1 | @a国防科技信息工作理论与实践@9guo fang ke ji xin xi gong zuo li lun yu shi jian@f中国人民解放军总装备部军事训练教材编辑工作委员会编 |
| 210 | @a北京@c国防工业出版社@d2006 | |
| 215 | @a19,343页@d21cm | |
| 300 | @a《国防科科研试验工程技术系列教材》国防科技情报系统 | |
| 330 | @a本书从理论与实践相结合的基础上,概述了国防科技信息工作的功能、内涵、原理、方法以及自身规律。 | |
| 606 | 0 | @a国防 |
| 606 | 0 | @a科技情报 |
| 606 | 0 | @a国防@x科技情报@x情报工作 |
| 606 | 0 | @a情报工作 |
| 690 | @aE87@v4 | |
| 711 | 02 | @a中国人民解放军总装备部军事训练教材编辑工作委员会@9zhong guo ren min jie fang jun zong zhuang bei bu jun shi xun lian jiao cai bian ji gong zuo wei yuan hui@4编 |
| 801 | 0 | @aCN@bRENTIAN@c20061104 |
| 905 | @a10447@dE87@e43 | |
| 国防科技信息工作理论与实践/中国人民解放军总装备部军事训练教材编辑工作委员会编.-北京:国防工业出版社,2006 |
| 19,343页;21cm |
| 《国防科科研试验工程技术系列教材》国防科技情报系统 |
| ISBN 7-118-03724-9(精装):CNY35.00 |
| 本书从理论与实践相结合的基础上,概述了国防科技信息工作的功能、内涵、原理、方法以及自身规律。 |
| ● |
| 相关链接 |
|
|
|
|
正题名:国防科技信息工作理论与实践
索取号:E87/43
 
预约/预借
| 序号 | 登录号 | 条形码 | 馆藏地/架位号 | 状态 | 备注 |
| 1 | 0380727 | 203807274 | 第一样本阅览室/ [索取号:E87/43] | 在馆 | |
| 2 | 0380728 | 203807283 | 第一借阅区/ [索取号:E87/43] | 在馆 | |
| 3 | 0380729 | 203807292 | 第一借阅区/ [索取号:E87/43] | 在馆 | |
| 4 | 0380730 | 203807309 | 第一借阅区/ [索取号:E87/43] | 在馆 | |
| 5 | 0380731 | 203807318 | 第一借阅区/ [索取号:E87/43] | 在馆 |